000 01004nam a22002417a 4500
008 090213t xxu||||| |||| 00| 0 eng d
010 _aENG-92969
020 _a8177355708
_c45.00
035 _aEN-76502
037 _bDBAD / PUB
040 _adpl
_bEnglish
082 _a305.5122095431
100 _aMuthukumar, R.
245 _aReservation policy in Tamil Nadu /
_cby R. Muthukumar
260 _aChennai
_bPavai Publications
_c2008
270 _a#16, Jani Jan Khan Road, Royapettah,
_bChennai
_e600014
300 _aix, 122p.
_c20cm (pbk)
500 _aIncludes bibliographical references
650 _aPeople with social disabilities
_xGovernment policy
_zIndia
_zTamil Nadu
650 _aReverse discrimination in employment
_zIndia
_zTamil Nadu
942 _2ddc
_cEN
_mMUT
_h305.5122095431
999 _c23613
_d23613